000 00596nam a2200193Ia 4500
003 GCL
008 140319s9999 xx 000 0 ara d
040 _aGCL /
_cGCL
082 0 4 _a157.7
_bى ك
100 1 _aيسرى عبدالمحسن
245 1 0 _aكيف تتخلص من عيوبك النفسية /
_cيسرى عبدالمحسن
300 _a126 ص
490 _aكتاب اليوم الطبى
_v0
650 0 4 _aعلم النفس
650 0 4 _aالامراض النفسية
650 0 4 _aعلم النفس الاكلينيكى
650 0 4 _aالسلوك النفسى
942 _2ddc
_cBK
999 _c39239
_d39239